Мероприятия повышения эффективности нагнетания воды в фундаменте месторождений "Белый Тигр" (Вьетнам); Проблемы геологии и освоения недр; Т. 2

Detalles Bibliográficos
Parent link:Проблемы геологии и освоения недр: труды XXII Международного симпозиума имени академика М. А. Усова студентов и молодых ученых, посвященного 155-летию со дня рождения академика В.А. Обручева, 135-летию со дня рождения академика М.А. Усова, основателей Сибирской горно-геологической школы, и 110-летию первого выпуска горных инженеров в Сибири, Томск, 2-7 апреля 2018 г./ Национальный исследовательский Томский политехнический университет, Инженерная школа природных ресурсов ; под ред. А. С. Боева.— , 2018
Т. 2.— 2018.— [С. 170-171]
Autor Principal: Нгуен Динь Тхинь
Autor Corporativo: Национальный исследовательский Томский политехнический университет Инженерная школа природных ресурсов Отделение нефтегазового дела
Outros autores: Коровкин М. В. Михаил Владимирович (научный руководитель)
Summary:Заглавие с экрана
Idioma:ruso
Publicado: 2018
Series:Современные технологии разработки нефтяных и газовых месторождений
Subjects:
Acceso en liña:http://earchive.tpu.ru/handle/11683/51343
Formato: MixedMaterials Electrónico Capítulo de libro
KOHA link:https://koha.lib.tpu.ru/cgi-bin/koha/opac-detail.pl?biblionumber=627933

MARC

LEADER 00000naa2a2200000 4500
001 627933
005 20231101133503.0
035 |a (RuTPU)RU\TPU\conf\27995 
035 |a RU\TPU\conf\27994 
090 |a 627933 
100 |a 20181004d2018 k y0rusy50 ca 
101 0 |a rus 
102 |a RU 
105 |a y z 100zy 
135 |a drcn ---uucaa 
181 0 |a i  
182 0 |a b 
200 1 |a Мероприятия повышения эффективности нагнетания воды в фундаменте месторождений "Белый Тигр" (Вьетнам)  |f Нгуен Динь Тхинь  |g науч. рук. М. В. Коровкин 
203 |a Текст  |c электронный 
225 1 |a Современные технологии разработки нефтяных и газовых месторождений 
230 |a 1 компьютерный файл (pdf; 859 Kb) 
300 |a Заглавие с экрана 
320 |a [Библиогр.: с. 171 (4 назв.)] 
461 1 |0 (RuTPU)RU\TPU\conf\27247  |t Проблемы геологии и освоения недр  |o труды XXII Международного симпозиума имени академика М. А. Усова студентов и молодых ученых, посвященного 155-летию со дня рождения академика В.А. Обручева, 135-летию со дня рождения академика М.А. Усова, основателей Сибирской горно-геологической школы, и 110-летию первого выпуска горных инженеров в Сибири, Томск, 2-7 апреля 2018 г.  |o в 2 т.  |f Национальный исследовательский Томский политехнический университет, Инженерная школа природных ресурсов ; под ред. А. С. Боева  |d 2018 
463 1 |0 (RuTPU)RU\TPU\conf\27249  |t Т. 2  |v [С. 170-171]  |d 2018 
610 1 |a труды учёных ТПУ 
610 1 |a электронный ресурс 
610 1 |a эффективность 
610 1 |a нагнетание 
610 1 |a воды 
610 1 |a Белый Тигр 
610 1 |a Вьетнам 
610 1 |a нефтяные месторождения 
610 1 |a закачка воды 
610 1 |a пластовые давления 
700 0 |a Нгуен Динь Тхинь 
702 1 |a Коровкин  |b М. В.  |c геофизик  |c профессор Томского политехнического университета, доктор физико-математических наук  |c главный эксперт центра качества Томского технологического института  |f 1952-  |g Михаил Владимирович  |2 stltpush  |4 727 
712 0 2 |a Национальный исследовательский Томский политехнический университет  |b Инженерная школа природных ресурсов  |b Отделение нефтегазового дела  |h 8084  |2 stltpush  |3 (RuTPU)RU\TPU\col\23546 
801 2 |a RU  |b 63413507  |c 20181025  |g RCR 
856 4 |u http://earchive.tpu.ru/handle/11683/51343 
942 |c BK